Statistics for Japanese Words for Kinds of Fish and Shellfish

Click here to take the quiz!

General Stats

  • This quiz has been taken 159 times
  • The average score is 5 of 10

Answer Stats

Hint Answer % Correct
MaguroTuna
88%
EbiShrimp
84%
TakoOctopus
83%
IkaSquid
72%
KakiOyster
45%
RobusutaLobster
42%
NimaigaiClams
37%
HotategaiScallops
34%
HirameFlounder
20%
MekajikiSwordfish
13%

Score Distribution

Percentile by Number Answered

Percent of People with Each Score

Your Score History

You have not taken this quiz